Statistics for Countries of the Indian Diaspora

Click here to take the quiz!

General Stats

  • This quiz has been taken 16,936 times
    (1,976 since last reset)
  • The average score is 7 of 10

Answer Stats

# Country % Correct
4.5 milUnited States
99%
1.8 milUnited Kingdom
98%
1.1 milCanada
95%
4.1 milSaudi Arabia
75%
3.1 milUnited Arab Emirates
73%
1.6 milSri Lanka
63%
3.0 milMalaysia
59%
1.6 milSouth Africa
57%
2.0 milMyanmar
54%
0.9 milKuwait
51%

Score Distribution

Percentile by Number Answered

Percent of People with Each Score

Your Score History

You have not taken this quiz since the last reset